Industrial pollution control: technological strategies
I tiakina i:
| Hōputu: | Pukapuka |
|---|---|
| Reo: | Ingarihi |
| I whakaputaina: |
Los Angeles
Ralph Stone
1977
|
| Ngā marau: | |
| Ngā Tūtohu: |
Tāpirihia he Tūtohu
Kāore He Tūtohu, Me noho koe te mea tuatahi ki te tūtohu i tēnei pūkete!
|
MARC
| LEADER | 00000nam a2200000 a 4500 | ||
|---|---|---|---|
| 001 | UCY3821 | ||
| 003 | CL-VaPUC | ||
| 008 | 950118e19770000US |||||||||||||||||eng|d | ||
| 082 | 0 | 4 | |a 628.5 |b IND |2 21 |
| 245 | 1 | 0 | |a Industrial pollution control: technological strategies |
| 300 | |a 171 h | ||
| 942 | |c BK | ||
| 945 | |d 19950118 00:00:00 |a mfernand | ||
| 260 | |a Los Angeles |b Ralph Stone |c 1977 | ||
| 650 | 7 | |a CONTAMINACION INDUSTRIAL |2 CL-VaPUC |9 261690 | |
| 650 | 0 | |a Residuos industriales |9 261421 | |
| 650 | 7 | |a ELIMINACION DE RESIDUOS |2 CL-VaPUC |9 332226 | |
| 583 | |a last modification |c 19950118 00:00:00 |k Rodrigo Vera | ||
| 999 | |c 231867 |d 231865 | ||